[Event "Tel Aviv Hot Summer"]
[Site "Tel Aviv"]
[Date "2002.08.25"]
[Round "4"]
[White "Kreizberg, Michael"]
[Black "Drozdov, Alexandre"]
[Result "1/2-1/2"]
[WhiteElo "2332"]
[BlackElo "2347"]
[PlyCount "120"]
[EventDate "2002.08.22"]
[EventType "tourn"]
[EventRounds "11"]
[EventCountry "ISR"]
[EventCategory "3"]
[SourceTitle "EXT 2003"]
[Source "ChessBase"]
[SourceDate "2002.11.25"]
[SourceVersion "1"]
[SourceVersionDate "2002.11.25"]
[SourceQuality "1"]

1. d4 d5 2. Nf3 c6 3. c4 Nf6 4. e3 e6 5. Bd3 Be7 6. 0-0 0-0 7. Nc3 dxc4 8. Bxc4 b5 9. Bd3 Nbd7 10. e4 b4 11. Na4 Bb7 12. e5 Nd5 13. Qc2 h6 14. Qe2 Re8 15. Qe4 Nf8 16. Re1 c5 17. Nxc5 Bxc5 18. dxc5 Ng6 19. Bb5 Nc7 20. c6 Nxb5 21. cxb7 Rb8 22. Qxb4 Nc7 23. h4 Nd5 24. Qg4 Rxb7 25. h5 Rb4 26. Qg3 Nge7 27. Nh4 Kh8 28. a3 Rc4 29. b4 Qb6 30. Bb2 a5 31. Rad1 axb4 32. axb4 Qxb4 33. Ba3 Qa4 34. Bxe7 Rxe7 35. Ra1 Qe8 36. Nf3 Rec7 37. Nd2 Ra4 38. Ne4 Qa8 39. Rab1 Rxe4 40. Rxe4 Nc3 41. Ree1 Nxb1 42. Rxb1 Qe4 43. Rb8+ Kh7 44. Rb3 Rd7 45. Rf3 Rd1+ 46. Kh2 Qe1 47. Kh3 Qe4 48. Qf4 Rh1+ 49. Kg4 Qxf4+ 50. Rxf4 Kg8 51. Rf3 Rc1 52. Re3 Kf8 53. f4 Ke7 54. Rb3 Rc7 55. Rb8 f6 56. exf6+ Kxf6 57. Rf8+ Ke7 58. Rb8 Rc4 59. g3 Kf6 60. Rb7 Ra4 1/2-1/2

[Event "ISR-ch op"]
[Site "Tel Aviv"]
[Date "2001.04.12"]
[Round "4"]
[White "Oratovsky, Michael"]
[Black "Drozdov, Alexandre"]
[Result "0-1"]
[WhiteElo "2499"]
[BlackElo "2252"]
[PlyCount "100"]
[EventDate "2001.04.09"]
[EventType "swiss"]
[EventRounds "9"]
[EventCountry "ISR"]
[SourceTitle "CBM 081 Extra"]
[Source "ChessBase"]
[SourceDate "2001.05.06"]
[SourceVersion "1"]
[SourceVersionDate "2001.05.06"]
[SourceQuality "1"]

1. e4 e6 2. d3 d5 3. Nd2 Nf6 4. Ngf3 c5 5. g3 Nc6 6. Bg2 Bd6 7. 0-0 0-0 8. Re1 dxe4 9. dxe4 e5 10. c3 b5 11. a4 b4 12. Nc4 Bc7 13. Be3 Be6 14. Nfd2 Qe7 15. Bg5 Rad8 16. Ne3 bxc3 17. bxc3 Na5 18. Nd5 Bxd5 19. exd5 h6 20. Bxf6 Qxf6 21. Rb1 Qg6 22. Nf3 Rfe8 23. Nh4 Qf6 24. Qg4 c4 25. Re2 Bb6 26. Rbe1 Nb7 27. Qxc4 Nd6 28. Qg4 Rc8 29. Qf3 Rc4 30. Bh3 Qg5 31. Qg2 e4 32. Bd7 Rd8 33. Bc6 f5 34. Qh3 Rxc3 35. Ng2 Nf7 36. Kh1 Rf3 37. Rf1 Ne5 38. Nh4 Qh5 39. Qg2 Rc3 40. Ra2 Qf7 41. f4 exf3 42. Nxf3 Nxc6 43. dxc6 Rxf3 44. Rxf3 Rd1+ 45. Rf1 Rxf1+ 46. Qxf1 Qxa2 47. Qxf5 Qf7 48. Qd3 Qf2 49. Qd5+ Kh8 50. Qd1 Qf6 0-1

[Event "Harkany Tenkes Cup"]
[Site "Harkany"]
[Date "2000.11.24"]
[Round "9"]
[White "Drozdov, Alexandre"]
[Black "Amrein, Roland"]
[Result "1-0"]
[WhiteElo "2262"]
[BlackElo "2271"]
[PlyCount "111"]
[EventDate "2000.11.16"]
[EventType "swiss"]
[EventRounds "9"]
[EventCountry "HUN"]
[SourceTitle "CBM 079 Extra"]
[Source "ChessBase"]
[SourceDate "2001.01.11"]
[SourceVersion "2"]
[SourceVersionDate "2001.01.25"]
[SourceQuality "1"]

1. d4 Nf6 2. Bg5 c5 3. Bxf6 gxf6 4. dxc5 e6 5. e3 Bxc5 6. c4 Nc6 7. Nc3 f5 8. g3 Qb6 9. Qd2 Ne5 10. Be2 Qc6 11. f3 h5 12. e4 h4 13. g4 fxg4 14. f4 Nxc4 15. Bxc4 Bxg1 16. Rxg1 Qxc4 17. Rxg4 b5 18. b3 Qb4 19. Rg5 a6 20. 0-0-0 Ra7 21. Kb2 Rc7 22. a3 Qf8 23. Rdg1 b4 24. Nb1 Bb7 25. Qd4 f6 26. Rg7 Qc5 27. Qxc5 Rxc5 28. axb4 Rb5 29. Ka3 a5 30. bxa5 Rxa5+ 31. Kb4 Ra2 32. Nc3 Rd2 33. Kc5 Rc2 34. Kd4 Bc6 35. b4 Rh5 36. Rg8+ Ke7 37. e5 fxe5+ 38. fxe5 Rh7 39. b5 Bf3 40. Rc8 Rb2 41. Rgg8 Bh1 42. Rgf8 d5 43. Rce8+ Kd7 44. Ra8 Rb4+ 45. Kc5 Rc4+ 46. Kb6 Ke7 47. Ne2 d4 48. Rae8+ Kd7 49. Nf4 Be4 50. Rxe6 d3 51. Rd6+ Ke7 52. Rfd8 Rh6 53. e6 h3 54. R6d7+ Kf6 55. e7 Kg5+ 56. Ka5 1-0

[Event "Harkany Tenkes Cup"]
[Site "Harkany"]
[Date "2000.11.23"]
[Round "8"]
[White "Hajnal, Zoltan"]
[Black "Drozdov, Alexandre"]
[Result "1/2-1/2"]
[WhiteElo "2357"]
[BlackElo "2262"]
[PlyCount "138"]
[EventDate "2000.11.16"]
[EventType "swiss"]
[EventRounds "9"]
[EventCountry "HUN"]
[SourceTitle "CBM 079 Extra"]
[Source "ChessBase"]
[SourceDate "2001.01.11"]
[SourceVersion "2"]
[SourceVersionDate "2001.01.25"]
[SourceQuality "1"]

1. e4 e6 2. d4 d5 3. Nc3 Nf6 4. Bg5 Bb4 5. e5 h6 6. Bd2 Bxc3 7. bxc3 Ne4 8. Qg4 g6 9. Bd3 Nxd2 10. Kxd2 c5 11. h4 Nc6 12. Qf4 Bd7 13. Nf3 Rc8 14. Rab1 cxd4 15. Rxb7 dxc3+ 16. Ke2 Rc7 17. Rb3 Na5 18. Ra3 Nc4 19. Rxc3 Nb2 20. Qb4 Nxd3 21. cxd3 Rxc3 22. Qxc3 0-0 23. Rb1 a6 24. Rb7 Ba4 25. Kd2 d4 26. Qxd4 Qa5+ 27. Qb4 Qd5 28. Rb8 Rxb8 29. Qxb8+ Kg7 30. Qb2 Bc6 31. Qa3 Qd8 32. Ke3 Bxf3 33. gxf3 Qxh4 34. Qxa6 Qb4 35. f4 h5 36. Kf3 Qd2 37. Qc4 Qd1+ 38. Kg2 Qg4+ 39. Kh2 Qe2 40. Qd4 Qxa2 41. Qe3 Qc2 42. Kg2 Qd1 43. Qg3 Qb3 44. Kh2 Qd5 45. Kg1 Kf8 46. Kh2 Qd4 47. Kh3 Kg7 48. Kh2 Qd8 49. Kh3 Kh6 50. Qf3 Qe7 51. Qa8 Kg7 52. Qf3 Qc7 53. Kg2 Qe7 54. Kh3 f6 55. Qc6 fxe5 56. fxe5 Qf7 57. Kg2 g5 58. d4 Qf5 59. Qd7+ Kh6 60. f3 g4 61. fxg4 hxg4 62. Qd8 Kg6 63. Qg8+ Kh5 64. Qh8+ Kg5 65. Qd8+ Kg6 66. Qg8+ Kh6 67. Qh8+ Kg5 68. Qd8+ Kf4 69. Qf6 Ke4 1/2-1/2

[Event "Voronezh op 3rd"]
[Site "Voronezh"]
[Date "1999.06.14"]
[Round "3"]
[White "Kiselev, Gennady Aleksandrov"]
[Black "Drozdov, Alexandre"]
[Result "1-0"]
[WhiteElo "2425"]
[BlackElo "2298"]
[PlyCount "107"]
[EventDate "1999.06.??"]
[EventType "swiss"]
[EventRounds "9"]
[EventCountry "RUS"]
[SourceTitle "EXT 2000"]
[Source "ChessBase"]
[SourceDate "1999.11.16"]
[SourceVersion "1"]
[SourceVersionDate "1999.11.16"]
[SourceQuality "1"]

1. e4 e6 2. d4 d5 3. e5 c5 4. c3 Nc6 5. Nf3 Qb6 6. Be2 cxd4 7. cxd4 Nge7 8. Nc3 Nf5 9. Na4 Bb4+ 10. Bd2 Qa5 11. Bc3 b5 12. a3 Bxc3+ 13. Nxc3 b4 14. axb4 Qxb4 15. Bb5 Bd7 16. Bxc6 Bxc6 17. Qd2 0-0 18. 0-0 Rfb8 19. Rfb1 Rb7 20. g4 Ne7 21. Ne1 Ng6 22. Qe3 Qe7 23. f4 Bb5 24. Nf3 Nh4 25. Nd2 Qb4 26. Kf2 Bc6 27. Kg3 Qe7 28. Nd1 h6 29. Rc1 Rb6 30. Qa3 Qd8 31. Rc5 g5 32. Qe3 f5 33. exf6 Qxf6 34. Rac1 Bb7 35. fxg5 hxg5 36. Ne4 Qf3+ 37. Qxf3 Nxf3 38. Nf6+ Kf7 39. Nd7 Rb3 40. R1c3 Nxd4 41. Rxb3 Nxb3 42. Rc7 Kg6 43. Rxb7 Nd4 44. Nf2 a5 45. Nd3 Nc6 46. Rc7 Ne7 47. N3e5+ Kg7 48. Nb6 Re8 49. Nc6 Kf6 50. Nd7+ Kf7 51. Nde5+ Kf6 52. Rxe7 Rxe7 53. Nxe7 Kxe5 54. Nc6+ 1-0

[Event "Rymarov op"]
[Site "Rymarov"]
[Date "1999.??.??"]
[Round "?"]
[White "Drozdov, Alexandre"]
[Black "Ciesla, Adam"]
[Result "1/2-1/2"]
[WhiteElo "2295"]
[BlackElo "2090"]
[PlyCount "85"]
[EventDate "1999.??.??"]
[EventType "swiss"]
[EventRounds "9"]
[EventCountry "CZE"]
[SourceTitle "EXT 2003"]
[Source "ChessBase"]
[SourceDate "2002.11.25"]
[SourceVersion "1"]
[SourceVersionDate "2002.11.25"]
[SourceQuality "1"]

1. d4 d5 2. Nf3 Nf6 3. Bf4 Bf5 4. e3 e6 5. Be2 Bd6 6. Ne5 Nfd7 7. Nd2 Nxe5 8. dxe5 Be7 9. 0-0 0-0 10. c4 c6 11. Qb3 Qb6 12. Qxb6 axb6 13. a3 Nd7 14. Rfc1 Nc5 15. b4 Nd3 16. Bxd3 Bxd3 17. cxd5 exd5 18. Nb3 Ra4 19. e4 dxe4 20. Be3 Rfa8 21. Bxb6 Rxa3 22. Rxa3 Rxa3 23. Nc5 Bg5 24. Nxd3 exd3 25. Rd1 Be7 26. Bc5 Kf8 27. f4 Bxc5+ 28. bxc5 Rc3 29. Kf2 Rxc5 30. Rxd3 b5 31. Rd7 b4 32. Ke3 Rc3+ 33. Kd2 c5 34. Rc7 Rc4 35. g3 b3 36. f5 Rc2+ 37. Kd1 f6 38. e6 Rxh2 39. Rb7 Rh1+ 40. Kd2 b2 41. Rb8+ Ke7 42. Rb7+ Ke8 43. Rb8+ 1/2-1/2